| 000 | 00380 a2200145 4500 | ||
|---|---|---|---|
| 005 | 20250604101932.0 | ||
| 020 | _a978-0-273-76779-4 | ||
| 100 | _aWOOD, F | ||
| 245 | _aBusiness Accounting-2 | ||
| 250 | _a12th Ed. | ||
| 260 |
_aHarlow _bPearson Education Limited _c2012 |
||
| 300 |
_axxiii, 825p.: ill; graphs, tables. _bIndex, _c24.5 cm |
||
| 700 | _aSANGSTER, A | ||
| 942 |
_2ddc _cBKS |
||
| 999 |
_c3132 _d3132 |
||